Movies Quiz

Random Movies or Actor Quiz
Score 0/20 Timer 06:00
0 Plays Today
Character Answer % Correct
Forrest GumpTom Hanks
99.4%
GodMorgan Freeman
90%
DupreeOwen Wilson
88.1%
Jack TorrenceJack Nicholson
85.2%
Harry CallahanClint Eastwood
82.3%
Peter la FleurVince Vaughn
67.5%
Jack ByrnesRobert de Niro
65.6%
Napoleon DynamiteJon Heder
62.4%
Oskar SchindlerLiam Neeson
60.8%
Mr WoodcockBilly Bob Thornton
59.8%
Character Answer % Correct
The Prime MinisterHugh Grant
51.4%
Queen Elizabeth IIHelen Mirren
47.9%
Douglas QuaidArnold Schwarzenegger
47.3%
Harry WormwoodDanny de Vito
41.8%
DaveEddie Murphy
41.5%
Professor TrelawnyEmma Thompson
30.5%
Simon GruberJeremy Irons
25.7%
Holly McClaneBonnie Bedelia
12.2%
Brian CloughMichael Sheen
11.3%
QuentinBill Nighy
9.6%

You're not logged in!

Compare scores with friends on all Sporcle quizzes.
OR
Log In

Sporcle TV

Today on Sporcle TV


Watch our educational content, quiz creation guides, and fun videos on Sporcle TV.

Show Comments

Extras

Created Sep 23, 2009ReportNominate
Tags:Actor Quiz, Character

Top Quizzes Today


Score Distribution

Paid Content

Your Account Isn't Verified!

In order to create a playlist on Sporcle, you need to verify the email address you used during registration. Go to your Sporcle Settings to finish the process.

Report this User

Report this user for behavior that violates our Community Guidelines.

Details: